00327nam a2200121Ia 4500008004100000041000800041082001400049100001900063245003500082260005200117300001900169999001700188241015s9999 xx 000 0 und d aeng a338.5 DAN aCecilia Danton aFundamentals Of Microeconomics bMurphy & Moore PublishingaUnited Kingdomc2021 a236;. P. 25 cm c41613d41613